[Event "Bad Zwesten op 17th"]
[Site "Bad Zwesten"]
[Date "2017.01.05"]
[Round "6"]
[White "Roeser, Axel"]
[Black "Stein, Marco"]
[Result "0-1"]
[WhiteElo "1845"]
[BlackElo "2112"]
[PlyCount "66"]
[EventDate "2017.01.02"]
[EventType "swiss"]
[EventRounds "7"]
[EventCountry "GER"]
[SourceTitle "CBM 176 Extra"]
[Source "ChessBase"]
[SourceDate "2017.03.02"]
[SourceVersion "1"]
[SourceVersionDate "2017.03.02"]
[SourceQuality "1"]

1. e4 c5 2. c3 d6 3. d4 Nf6 4. f3 Qc7 5. Be3 a6 6. a4 Nbd7 7. Nd2 e6 8. Bd3 Be7 9. a5 0-0 10. f4 Rd8 11. Nh3 Nf8 12. 0-0 e5 13. f5 cxd4 14. cxd4 exd4 15. Bxd4 d5 16. e5 Bc5 17. Bxc5 Qxc5+ 18. Kh1 Ne4 19. Qe2 Nxd2 20. Qxd2 d4 21. Qf4 Re8 22. e6 fxe6 23. f6 gxf6 24. Qxf6 Qe7 25. Qe5 Qg7 26. Qxg7+ Kxg7 27. Ng5 Bd7 28. Nxh7 Nxh7 29. Bxh7 Kxh7 30. Rf7+ Kg6 31. Rxd7 Red8 32. Rxb7 d3 33. g3 d2 0-1

[Event "Gyor op-A 7th"]
[Site "Gyor"]
[Date "2016.07.09"]
[Round "6"]
[White "Kadi, Richard"]
[Black "Roeser, Axel"]
[Result "1/2-1/2"]
[WhiteElo "1768"]
[BlackElo "1840"]
[PlyCount "26"]
[EventDate "2016.07.06"]
[EventType "swiss"]
[EventRounds "9"]
[EventCountry "HUN"]
[SourceTitle "EXT 2017"]
[Source "ChessBase"]
[SourceDate "2016.10.25"]
[SourceVersion "1"]
[SourceVersionDate "2016.10.25"]
[SourceQuality "1"]

1. e4 e5 2. Nc3 Nf6 3. Bc4 Bb4 4. d3 0-0 5. Nge2 d5 6. exd5 Nxd5 7. Bd2 Nb6 8. Bb3 Nc6 9. 0-0 Qe7 10. Nd5 Nxd5 11. Bxd5 Bxd2 12. Qxd2 Qc5 13. Bb3 Re8 1/2-1/2

[Event "Gyor op-A 7th"]
[Site "Gyor"]
[Date "2016.07.07"]
[Round "2"]
[White "Erky, Tamas"]
[Black "Roeser, Axel"]
[Result "1/2-1/2"]
[WhiteElo "1705"]
[BlackElo "1840"]
[PlyCount "71"]
[EventDate "2016.07.06"]
[EventType "swiss"]
[EventRounds "9"]
[EventCountry "HUN"]
[SourceTitle "EXT 2017"]
[Source "ChessBase"]
[SourceDate "2016.10.25"]
[SourceVersion "1"]
[SourceVersionDate "2016.10.25"]
[SourceQuality "1"]

1. e3 e5 2. d4 exd4 3. exd4 d5 4. Nf3 Nf6 5. h3 Bf5 6. Bd3 Bxd3 7. Qxd3 Bd6 8. 0-0 0-0 9. Bg5 h6 10. Bh4 Nbd7 11. Nc3 c6 12. a3 Qc7 13. Rfe1 Rfe8 14. Rad1 Nh7 15. Ne2 Re6 16. Bg3 Rae8 17. Bxd6 Qxd6 18. Ng3 Nhf6 19. Rxe6 Rxe6 20. Nf5 Qf4 21. g3 Qe4 22. Re1 Qxd3 23. cxd3 Rxe1+ 24. Nxe1 Ne8 25. Nf3 a5 26. Kf1 h5 27. Ke2 Kf8 28. Ne5 Nb6 29. b3 g6 30. Ne3 Kg7 31. f4 Nd6 32. a4 f6 33. Nf3 Nd7 34. Kd2 Nb8 35. Kc3 Na6 36. Ne1 1/2-1/2

[Event "Gyor op-A 7th"]
[Site "Gyor"]
[Date "2016.07.06"]
[Round "1"]
[White "Roeser, Axel"]
[Black "Orosz, Andras"]
[Result "0-1"]
[WhiteElo "1840"]
[BlackElo "2386"]
[PlyCount "32"]
[EventDate "2016.07.06"]
[EventType "swiss"]
[EventRounds "9"]
[EventCountry "HUN"]
[SourceTitle "EXT 2017"]
[Source "ChessBase"]
[SourceDate "2016.10.25"]
[SourceVersion "1"]
[SourceVersionDate "2016.10.25"]
[SourceQuality "1"]

1. e4 g6 2. d4 Bg7 3. Nc3 c6 4. Be2 d5 5. Be3 Nf6 6. e5 Ne4 7. Nxe4 dxe4 8. Bc4 c5 9. c3 Nc6 10. Ne2 0-0 11. Ng3 cxd4 12. cxd4 b5 13. Be2 Qa5+ 14. Bd2 b4 15. Nxe4 Nxd4 16. f4 Rd8 0-1

[Event "Zdar nad Sazavou Vysocina op 8th"]
[Site "Zdar nad Sazavou"]
[Date "2011.09.27"]
[Round "4"]
[White "Denk, Petr"]
[Black "Roeser, Axel"]
[Result "1/2-1/2"]
[WhiteElo "1808"]
[BlackElo "1987"]
[PlyCount "43"]
[EventDate "2011.09.24"]
[EventType "swiss"]
[EventRounds "9"]
[EventCountry "CZE"]
[SourceTitle "CBM 144 Extra"]
[Source "ChessBase"]
[SourceDate "2011.10.28"]
[SourceVersion "1"]
[SourceVersionDate "2011.10.28"]
[SourceQuality "1"]

1. d4 d5 2. c4 e6 3. e3 c5 4. Nf3 Nc6 5. b3 Nf6 6. Bb2 cxd4 7. exd4 Bb4+ 8. Bc3 Bxc3+ 9. Nxc3 0-0 10. a3 Re8 11. Be2 e5 12. cxd5 Nxd5 13. Nxd5 Qxd5 14. dxe5 Qe4 15. 0-0 Nxe5 16. Re1 Nxf3+ 17. Bxf3 Qxe1+ 18. Qxe1 Rxe1+ 19. Rxe1 Be6 20. b4 Rb8 21. Rc1 b6 22. g3 1/2-1/2

[Event "Zdar nad Sazavou Vysocina op 8th"]
[Site "Zdar nad Sazavou"]
[Date "2011.09.25"]
[Round "2"]
[White "Parligras, Cosmin"]
[Black "Roeser, Axel"]
[Result "1-0"]
[WhiteElo "2267"]
[BlackElo "1987"]
[PlyCount "77"]
[EventDate "2011.09.24"]
[EventType "swiss"]
[EventRounds "9"]
[EventCountry "CZE"]
[SourceTitle "CBM 144 Extra"]
[Source "ChessBase"]
[SourceDate "2011.10.28"]
[SourceVersion "1"]
[SourceVersionDate "2011.10.28"]
[SourceQuality "1"]

1. c4 e6 2. Nf3 d5 3. b3 c5 4. g3 Nc6 5. Bg2 d4 6. 0-0 Be7 7. Bb2 e5 8. e3 Bg4 9. h3 Bh5 10. d3 f5 11. e4 fxe4 12. dxe4 Nf6 13. Nbd2 0-0 14. a3 h6 15. Qc2 g5 16. Qd3 Bg6 17. Ne1 Nh5 18. Qe2 Qd7 19. Nd3 Rf7 20. Kh2 Bd6 21. Nf3 Nf6 22. Nfe1 Nh5 23. Nc2 Na5 24. Nc1 Qe6 25. Rb1 Raf8 26. Ba1 Rf6 27. Nd3 b6 28. Nce1 R6f7 29. Qc2 Rf6 30. Bb2 Kg7 31. Bc1 R6f7 32. Qe2 Nxb3 33. Rxb3 Qxc4 34. Rb1 Qa4 35. Nb2 Qb3 36. Qc4 Qxa3 37. Na4 b5 38. Rxb5 Qa1 39. Nc2 1-0